[Event "30th Cracovia Festival-B 2019"]
[Site "Krakow"]
[Date "2019.12.29"]
[Round "3.30"]
[White "Trybus, Daniel"]
[Black "Wojdak, Jan"]
[Result "1/2-1/2"]
[WhiteElo "1862"]
[BlackElo "2017"]
[Annotator "NA"]
[PlyCount "163"]
[EventDate "2019.12.27"]
[EventCountry "POL"]
[SourceTitle "playchess.com"]
[Source "ChessBase"]
[SourceQuality "1"]

1. Nf3 d5 2. c4 c6 3. d4 e6 4. Nc3 Nf6 5. cxd5 exd5 6. Qc2 Be7 7. Bf4 O-O 8. e3 Nbd7 9. Bd3 Re8 10. O-O Nf8 11. h3 Ne6 12. Bh2 g6 13. Rab1 Ng7 14. g4 Bd6 15. Bxd6 Qxd6 16. Ne5 Nd7 17. f4 f6 18. Nxd7 Bxd7 19. Rf3 f5 20. Rg3 Kh8 21. g5 Nh5 22. Rf3 Re7 23. Qd2 Rae8 24. b4 b6 25. Na4 Ng7 26. Be2 Nh5 27. Bf1 Qe6 28. Nc3 Bc8 29. Rc1 Bb7 30. Nd1 Qe4 31. Bg2 Qe6 32. Bf1 Qe4 33. Be2 Ng7 34. h4 Qe6 35. Rh3 Nh5 36. Rc2 Nxf4 37. exf4 Qxe2 38. Qxe2 Rxe2 39. Rxe2 Rxe2 40. Re3 Rxe3 41. Nxe3 Kg7 42. Kf2 Ba6 43. Nc2 Bd3 44. Ne3 Kf7 45. Ke1 Ke6 46. Kd2 Be4 47. Kc3 Kd6 48. Nd1 a6 49. Nb2 c5 50. a3 cxb4+ 51. axb4 Kc6 52. Nd1 Kb5 53. Kb3 Bf3 54. Nc3+ Kc6 55. b5+ axb5 56. Kb4 Be4 57. Nxb5 Bd3 58. Nc3 Bc4 59. Nd1 Bd3 60. Ne3 Be4 61. Nf1 Bg2 62. Ng3 Bf3 63. Nf1 Bg2 64. Ne3 Bf3 65. Nc2 Be4 66. Na3 Bd3 67. Kc3 Be4 68. Kb3 Bd3 69. Kb4 Be4 70. Nb5 Bd3 71. Nc3 Be4 72. Nd1 Bf3 73. Nb2 Be2 74. Na4 Bd1 75. Nc3 Bc2 76. Ne2 Bd1 77. Nc1 Bc2 78. Ne2 Bd1 79. Ng3 Bg4 80. Nf1 Be2 81. Ne3 Bf3 82. Nc2 1/2-1/2

[Event "30th Cracovia Festival-B 2019"]
[Site "Krakow"]
[Date "2019.12.29"]
[Round "3.31"]
[White "Swider, Pawel"]
[Black "Swiderski, Radoslaw"]
[Result "1-0"]
[WhiteElo "1803"]
[BlackElo "2013"]
[Annotator "NA"]
[PlyCount "61"]
[EventDate "2019.12.27"]
[EventCountry "POL"]
[SourceTitle "playchess.com"]
[Source "ChessBase"]
[SourceQuality "1"]

1. d4 Nf6 2. Nf3 c5 3. c4 cxd4 4. Nxd4 Nc6 5. Nc3 d6 6. e4 g6 7. Be2 Bg7 8. Be3 O-O 9. O-O Nxd4 10. Bxd4 Be6 11. b3 Rc8 12. Rc1 Qa5 13. f4 a6 14. Qd3 Nd7 15. f5 Nc5 16. Qe3 Bd7 {[#]} 17. b4 $18 Bxd4 18. Qxd4 e5 19. Qxc5 Rxc5 20. bxa5 Bc6 21. fxg6 fxg6 22. Rcd1 Rxf1+ 23. Kxf1 Rxa5 24. Rxd6 Ra3 25. Rd3 b5 26. cxb5 axb5 27. Nxb5 Rxa2 28. Nd6 Ra4 29. Rc3 Bd7 30. Rc7 Be6 31. Re7 1-0

[Event "30th Cracovia Festival-B 2019"]
[Site "Krakow"]
[Date "2019.12.29"]
[Round "3.32"]
[White "Gawronski, Lukasz"]
[Black "Sharma Isha"]
[Result "0-1"]
[WhiteElo "1921"]
[BlackElo "2099"]
[Annotator "NA"]
[PlyCount "74"]
[EventDate "2019.12.27"]
[EventCountry "POL"]
[SourceTitle "playchess.com"]
[Source "ChessBase"]
[SourceQuality "1"]

1. e4 e6 2. d4 d5 3. Nc3 Nf6 {exd} 4. exd5 exd5 $11 5. Bd3 Bd6 6. Nge2 O-O 7. O-O Bg4 8. f3 Bh5 9. Bf4 c6 10. Qd2 Bg6 11. Bxg6 fxg6 12. Rae1 Na6 13. Bxd6 Qxd6 14. Nf4 Nc7 15. Nd3 b6 16. Ne2 c5 17. c3 Nd7 18. Qg5 c4 19. Nb4 a5 20. Nc2 Rae8 21. Qg3 Qxg3 22. Nxg3 b5 23. Ne3 h5 24. Re2 Nb6 25. Rfe1 Kf7 26. Nh1 b4 27. Nf2 bxc3 28. bxc3 Na4 29. Nfd1 Re6 30. Kf2 Rb8 31. g3 Rb1 32. Ng2 Rxe2+ 33. Kxe2 Ra1 34. f4 Rxa2+ 35. Kf3 Nb5 36. Re5 Naxc3 37. Nde3 Nxd4# 0-1

[Event "30th Cracovia Festival-B 2019"]
[Site "Krakow"]
[Date "2019.12.29"]
[Round "4.25"]
[White "Bogdanov, Ignat"]
[Black "Gorkiewicz, Mateusz"]
[Result "1/2-1/2"]
[WhiteElo "2082"]
[BlackElo "1964"]
[Annotator "NA"]
[PlyCount "118"]
[EventDate "2019.12.27"]
[EventCountry "POL"]
[SourceTitle "playchess.com"]
[Source "ChessBase"]
[SourceQuality "1"]

1. Nf3 d5 2. g3 Nf6 3. Bg2 e6 4. O-O Be7 5. d4 O-O 6. c4 dxc4 7. Ne5 Nc6 8. Bxc6 bxc6 9. Nxc6 Qe8 10. Nxe7+ Qxe7 11. Qc2 c5 12. dxc5 Qxc5 13. Be3 Qc6 14. f3 Nd5 15. Bf2 a5 16. Nc3 Ba6 17. Rfd1 Rab8 18. Bd4 Nxc3 19. Qxc3 f6 20. Qxa5 Rb5 21. Qe1 e5 22. Bc3 e4 23. Qf2 Bb7 24. Rd4 exf3 25. exf3 Rf5 26. Rf1 Rc8 27. g4 Rxf3 28. Qxf3 Qxf3 29. Rxf3 Bxf3 30. Kf2 Bb7 31. a4 Kf8 32. a5 Ke8 33. Rd6 Rc6 34. Rxc6 Bxc6 35. Ke3 Kd7 36. Kd4 Bf3 37. g5 fxg5 38. Kxc4 Kc6 39. Bxg7 g4 40. Bh6 Be2+ 41. Kd4 Kb5 42. Bd2 Bd1 43. Be1 Be2 44. Ke3 Bd1 45. Kd4 Be2 46. Kd5 Bf1 47. Kd6 Be2 48. Kc7 Ka6 49. Kc6 Bf1 50. b4 Be2 51. Kc5 Bf1 52. Bh4 Be2 53. Bf6 Bf1 54. Be7 Be2 55. Kd4 Kb5 56. Ke3 Bd1 57. Kf4 Be2 58. Kg5 Bd1 59. Bd6 Be2 1/2-1/2

[Event "30th Cracovia Festival-B 2019"]
[Site "Krakow"]
[Date "2019.12.29"]
[Round "4.26"]
[White "Kucharski, Bartlomiej"]
[Black "Swider, Pawel"]
[Result "0-1"]
[WhiteElo "2024"]
[BlackElo "1803"]
[Annotator "NA"]
[PlyCount "80"]
[EventDate "2019.12.27"]
[EventCountry "POL"]
[SourceTitle "playchess.com"]
[Source "ChessBase"]
[SourceQuality "1"]

1. d4 d5 2. Bf4 Nf6 3. e3 c6 4. Nf3 Bf5 5. Bd3 Bxd3 6. cxd3 e6 7. Nc3 Nbd7 8. O-O Be7 9. e4 O-O 10. Rc1 Qa5 11. e5 Ne8 12. a3 Nc7 13. Nd2 Nb5 14. Nb3 Nxc3 15. Rxc3 Qb5 16. Be3 f5 17. exf6 Bxf6 18. Qc2 e5 19. dxe5 Bxe5 20. d4 Bxh2+ 21. Kxh2 Qxf1 22. Rd3 Rae8 23. f3 Qe1 24. Bf2 Re2 25. Bxe1 Rxc2 26. Bc3 Re8 27. Rd2 Rxd2 28. Nxd2 Nb6 29. Kg1 Na4 30. Kf2 Kf7 31. Nf1 Nxc3 32. bxc3 Ke6 33. g4 g6 34. Ng3 c5 35. f4 cxd4 36. cxd4 Rc8 37. f5+ gxf5 38. gxf5+ Kf6 39. Kf3 Rc3+ 40. Kf4 Rxg3 0-1

[Event "30th Cracovia Festival-B 2019"]
[Site "Krakow"]
[Date "2019.12.29"]
[Round "4.27"]
[White "Lutsko, Artem"]
[Black "Hasterok, Mateusz"]
[Result "1/2-1/2"]
[WhiteElo "2005"]
[BlackElo "2018"]
[Annotator "NA"]
[PlyCount "60"]
[EventDate "2019.12.27"]
[EventCountry "POL"]
[SourceTitle "playchess.com"]
[Source "ChessBase"]
[SourceQuality "1"]

1. g3 f5 2. Bg2 Nf6 3. f4 g6 4. Nh3 Bg7 5. Nf2 O-O 6. O-O c5 7. d3 d5 8. e4 e6 9. e5 Ne8 10. b4 cxb4 11. a3 Nc7 12. axb4 b5 13. c4 Rf7 14. Nc3 Bb7 15. cxb5 Qe8 16. Ra5 Bf8 17. Qa4 a6 18. bxa6 Qxa4 19. Rxa4 Rxa6 20. Bd2 Bc6 21. Rxa6 Nbxa6 22. Ne2 Nb5 23. Rb1 Rc7 24. Nc3 Nxc3 25. Bxc3 Bb5 26. Be1 Rb7 27. Bd2 Bc6 28. Kf1 Kf7 29. Ke2 h6 30. h3 Bxb4 1/2-1/2

[Event "30th Cracovia Festival-B 2019"]
[Site "Krakow"]
[Date "2019.12.29"]
[Round "4.28"]
[White "Sharma Isha"]
[Black "Jajte-Pachota, Maciej"]
[Result "1-0"]
[WhiteElo "2099"]
[BlackElo "1884"]
[Annotator "NA"]
[PlyCount "69"]
[EventDate "2019.12.27"]
[EventCountry "POL"]
[SourceTitle "playchess.com"]
[Source "ChessBase"]
[SourceQuality "1"]

1. e4 e5 2. Nf3 Nc6 3. Bc4 Bc5 4. c3 Nf6 5. d3 d6 6. Nbd2 Be6 7. Bxe6 fxe6 8. Qb3 Qc8 9. Nc4 O-O 10. O-O a6 11. a4 b5 12. axb5 axb5 13. Rxa8 Qxa8 14. Ncd2 Nd8 15. Qxb5 Qa7 16. h3 c6 17. Qc4 d5 18. exd5 exd5 19. Qh4 Be7 20. d4 e4 21. Ne5 c5 22. dxc5 Qxc5 23. Nb3 Qc7 24. Ng4 Ne6 25. Be3 Qb8 26. Nd4 Nxd4 27. Bxd4 Qxb2 28. Qg5 Kh8 29. Ne3 Qb7 30. Nf5 Rg8 31. Ra1 Bd8 32. Ra7 Qb1+ 33. Kh2 Qb8+ 34. g3 h5 35. Bxf6 1-0

[Event "30th Cracovia Festival-B 2019"]
[Site "Krakow"]
[Date "2019.12.29"]
[Round "4.29"]
[White "Palamarchuk, Andriy"]
[Black "Janus, Przemyslaw"]
[Result "1-0"]
[WhiteElo "1899"]
[BlackElo "2065"]
[Annotator "NA"]
[PlyCount "91"]
[EventDate "2019.12.27"]
[EventCountry "POL"]
[SourceTitle "playchess.com"]
[Source "ChessBase"]
[SourceQuality "1"]

1. e4 c5 2. d3 d6 3. f4 Nc6 4. Nf3 g6 5. Be2 Bg7 6. O-O Nf6 7. c3 O-O 8. h3 Rb8 9. Be3 b5 10. a3 a5 11. Nbd2 b4 12. d4 bxc3 13. bxc3 cxd4 14. cxd4 d5 15. e5 Nd7 16. Qc2 Rb6 17. f5 Ndb8 18. g4 Qd7 19. Nb3 Ba6 20. Nc5 Qa7 21. e6 Bxe2 22. Qxe2 Nd8 23. Ne5 Bxe5 24. dxe5 Qc7 25. Qd3 Qc6 26. Rac1 Qb5 27. exf7+ Nxf7 28. fxg6 hxg6 29. e6 Qxd3 30. exf7+ Rxf7 31. Nxd3 Rxf1+ 32. Kxf1 Rb3 33. Ke2 Kf7 34. Rc8 Na6 35. Ra8 Nc7 36. Rxa5 Nb5 37. Nc1 Rb2+ 38. Kd3 e5 39. Bc5 e4+ 40. Ke3 Nc3 41. Kd4 Rc2 42. Bb4 Rxc1 43. Bxc3 e3 44. Rxd5 Rd1+ 45. Kc4 e2 46. Re5 1-0

[Event "30th Cracovia Festival-B 2019"]
[Site "Krakow"]
[Date "2019.12.29"]
[Round "4.30"]
[White "Wojdak, Jan"]
[Black "Reprun, Nadejda"]
[Result "1/2-1/2"]
[WhiteElo "2017"]
[BlackElo "1975"]
[Annotator "NA"]
[PlyCount "70"]
[EventDate "2019.12.27"]
[EventCountry "POL"]
[SourceTitle "playchess.com"]
[Source "ChessBase"]
[SourceQuality "1"]

1. e4 c6 2. d4 d5 3. Nd2 dxe4 4. Nxe4 Bf5 5. Ng3 Bg6 6. h4 h6 7. Nf3 Nd7 8. h5 Bh7 9. Bd3 Bxd3 10. Qxd3 e6 11. Bf4 Qa5+ 12. Bd2 Bb4 13. c3 Be7 14. c4 Qc7 15. O-O-O Ngf6 16. Bc3 O-O 17. Kb1 b5 18. c5 Rfd8 19. Qe2 a5 20. Ne4 Nxe4 21. Qxe4 Nf6 22. Qe2 Rd5 23. Bd2 Rad8 24. g4 Nh7 25. Be3 Bf6 26. Rd2 Ng5 27. Nxg5 Bxg5 28. Rhd1 Bxe3 29. Qxe3 e5 30. dxe5 Rxd2 31. Rxd2 Rxd2 32. Qxd2 Qxe5 33. Qd8+ Kh7 34. Qd3+ Kg8 35. Qd8+ Kh7 1/2-1/2

[Event "30th Cracovia Festival-B 2019"]
[Site "Krakow"]
[Date "2019.12.29"]
[Round "4.31"]
[White "Trybus, Daniel"]
[Black "Slezinski, Nikodem"]
[Result "1/2-1/2"]
[WhiteElo "1862"]
[BlackElo "2005"]
[Annotator "NA"]
[PlyCount "56"]
[EventDate "2019.12.27"]
[EventCountry "POL"]
[SourceTitle "playchess.com"]
[Source "ChessBase"]
[SourceQuality "1"]

1. e4 e5 2. Nf3 Nc6 3. Nc3 Nf6 4. d4 exd4 5. Nxd4 Bb4 6. Nxc6 bxc6 7. Bd3 d5 8. exd5 O-O 9. O-O Bg4 10. f3 Bh5 11. Bg5 Bxc3 12. bxc3 cxd5 13. c4 c6 14. Kh1 Qd6 15. cxd5 cxd5 16. Qd2 Rfe8 17. Rfd1 Rad8 18. Rab1 Re7 19. Qa5 Rde8 20. c4 Qe5 21. Bxf6 Qxf6 22. Qxd5 Re5 23. Qb7 R5e7 24. Qd5 Re5 25. Qb7 R5e7 26. Qb3 Re3 27. Rf1 Bg6 28. Rbd1 Bh5 1/2-1/2

[Event "30th Cracovia Festival-B 2019"]
[Site "Krakow"]
[Date "2019.12.29"]
[Round "4.32"]
[White "Czarnecka, Lidia"]
[Black "Golenia, Wojciech"]
[Result "0-1"]
[WhiteElo "1980"]
[BlackElo "2093"]
[Annotator "NA"]
[PlyCount "100"]
[EventDate "2019.12.27"]
[EventCountry "POL"]
[SourceTitle "playchess.com"]
[Source "ChessBase"]
[SourceQuality "1"]

1. e4 d6 2. d4 Nf6 3. Nc3 g6 4. f4 Bg7 5. Nf3 O-O 6. Bd3 Na6 7. O-O c5 8. d5 Bg4 9. h3 Bxf3 10. Qxf3 Nb4 11. Qe2 Nxd3 12. Qxd3 Nd7 13. Be3 a6 14. a4 Qc7 15. Rad1 Rfb8 16. g4 c4 17. Qd2 b5 18. Bd4 Bxd4+ 19. Qxd4 Qc5 20. Rf3 Qxd4+ 21. Rxd4 Nc5 22. axb5 axb5 23. Kf1 Ra1+ 24. Ke2 Rh1 25. Nd1 Ra8 26. e5 Ra2 27. Rd2 f6 28. e6 Kg7 29. f5 Ne4 30. Rd4 Rh2+ 31. Ke1 Ng5 32. Rg3 Nxh3 33. Rd2 Rh1+ 34. Ke2 Ng5 35. Rg2 Ra1 36. fxg6 hxg6 37. Rd4 Nh3 38. Ne3 g5 39. Kd2 Nf4 40. Rf2 Kf8 41. Kc3 Rh3 42. Kd2 Ke8 43. Nd1 Kd8 44. Nc3 Ra5 45. b4 cxb3 46. cxb3 b4 47. Rxb4 Rd3+ 48. Kc2 Rxc3+ 49. Kxc3 Nxd5+ 50. Kc4 Rc5+ 0-1

[Event "30th Cracovia Festival-B 2019"]
[Site "Krakow"]
[Date "2019.12.30"]
[Round "5.25"]
[White "Swider, Pawel"]
[Black "Sharma Isha"]
[Result "0-1"]
[WhiteElo "1803"]
[BlackElo "2099"]
[Annotator "NA"]
[PlyCount "86"]
[EventDate "2019.12.27"]
[EventCountry "POL"]
[SourceTitle "playchess.com"]
[Source "ChessBase"]
[SourceQuality "1"]
[TimeControl "40/5400+30:1800+30"]

1. d4 Nf6 2. Nf3 c5 3. c4 cxd4 4. Nxd4 e6 5. Nc3 Qb6 6. e3 Bb4 7. Bd2 O-O 8. Bd3 Nc6 9. Nxc6 dxc6 10. a3 Be7 11. Qc2 e5 12. O-O-O Be6 13. h3 Rfd8 14. Ne4 Nd7 15. g4 g6 16. f4 f5 17. gxf5 Bxf5 18. c5 Bxc5 19. Nxc5 Qxc5 20. Bxf5 gxf5 21. Rhg1+ Kf7 22. Bc3 Qxe3+ 23. Kb1 Qe4 24. Qxe4 fxe4 25. fxe5 Nc5 26. Rdf1+ Ke6 27. Rf6+ Kd5 28. Kc2 Kc4 29. Re1 Rd3 30. Rh6 Rg8 31. Rxe4+ Nxe4 32. b3+ Kd5 33. Kxd3 Rg3+ 34. Kc2 Rxc3+ 35. Kb2 Re3 36. Rxh7 Nc5 37. b4 Na4+ 38. Kc2 b5 39. h4 Rxe5 40. h5 Kc4 41. h6 Re2+ 42. Kd1 Nc3+ 43. Kc1 Kb3 0-1

[Event "30th Cracovia Festival-B 2019"]
[Site "Krakow"]
[Date "2019.12.30"]
[Round "5.26"]
[White "Hasterok, Mateusz"]
[Black "Bogdanov, Ignat"]
[Result "1/2-1/2"]
[WhiteElo "2018"]
[BlackElo "2082"]
[Annotator "NA"]
[PlyCount "106"]
[EventDate "2019.12.27"]
[EventCountry "POL"]
[SourceTitle "playchess.com"]
[Source "ChessBase"]
[SourceQuality "1"]
[TimeControl "40/5400+30:1800+30"]

1. d4 {[%emt 0:00:00]} Nf6 {[%emt 0:00:00]} 2. c4 {[%emt 0:00:00]} c5 {[%emt 0:00:00]} 3. d5 {[%emt 0:00:00]} e6 {[%emt 0:00:00]} 4. Nc3 {[%emt 0:00:00]} exd5 {[%emt 0:00:00]} 5. cxd5 {[%emt 0:00:00]} d6 {[%emt 0:00:22]} 6. Nf3 {[%emt 0:00:00]} g6 {[%emt 0:00:19]} 7. Bf4 {[%emt 0:00:00]} Bg7 {[%emt 0:01:46]} 8. Qa4+ {[%emt 0:00:30]} Bd7 {[%emt 0:09:14]} 9. Qb3 {[%emt 0:01:48]} Qc7 {[%emt 0:01:53]} 10. Nd2 {[%emt 0:11:41]} Nh5 {[%emt 0:04:30]} 11. Be3 {[%emt 0:06:09]} O-O {[%emt 0:04:24]} 12. Nce4 {[%emt 0:11:45]} f5 {[%emt 0:18:43]} 13. g4 {[%emt 0:00:23]} fxe4 {[%emt 0:03:41]} 14. gxh5 {[%emt 0:05:05]} Bf5 {[%emt 0:00:42]} 15. hxg6 {[%emt 0:02:58]} hxg6 {[%emt 0:01:04]} 16. Nc4 {[%emt 0:07:21]} Nd7 {[%emt 0:06:47]} 17. Bf4 {[%emt 0:02:32]} Ne5 {[%emt 0:00:20]} 18. Bxe5 {[%emt 0:02:31]} Bxe5 {[%emt 0:00:07]} 19. Nxe5 {[%emt 0:00:20]} dxe5 {[%emt 0:00:02]} 20. e3 {[%emt 0:01:31]} Qd6 {[%emt 0:00:32]} 21. O-O-O {[%emt 0:06:14]} Rfb8 {[%emt 0:02:21]} 22. Bg2 {[%emt 0:01:50]} c4 {[%emt 0:03:09]} 23. Qc2 {[%emt 0:02:25]} Rc8 {[%emt 0:00:37]} 24. Bxe4 {[%emt 0:03:28]} c3 {[%emt 0:00:46]} 25. b4 {[%emt 0:00:09]} Qxb4 {[%emt 0:06:38]} 26. Bxf5 {[%emt 0:00:34]} gxf5 {[%emt 0:00:01]} 27. Rdg1+ {[%emt 0:04:39]} Kh8 {[%emt 0:00:02]} 28. Rg5 {[%emt 0:01:17]} e4 {[%emt 0:01:14]} 29. Qb3 {[%emt 0:09:41]} Qxb3 {[%emt 0:03:23]} 30. axb3 {[%emt 0:00:01]} Rc7 {[%emt 0:02:22]} 31. Rxf5 {[%emt 0:00:46]} a5 {[%emt 0:00:29]} 32. Rh5+ {[%emt 0:00:21]} Rh7 {[%emt 0:01:07]} 33. Rxh7+ {[%emt 0:00:04]} Kxh7 {[%emt 0:00:01]} 34. Kc2 {[%emt 0:00:13]} Kg7 {[%emt 0:00:47]} 35. Kxc3 {[%emt 0:00:11]} a4 {[%emt 0:00:06]} 36. bxa4 {[%emt 0:00:12]} Rxa4 {[%emt 0:00:02]} 37. Rb1 {[%emt 0:00:10]} Kf6 {[%emt 0:00:32]} 38. Rxb7 {[%emt 0:01:31]} Ke5 {[%emt 0:00:25]} 39. Rf7 {[%emt 0:00:57]} Kxd5 {[%emt 0:00:26]} 40. h4 {[%emt 0:00:00]} Ra1 {[%emt 0:00:00]} 41. Rf4 {[%emt 0:07:38]} Ke5 {[%emt 0:05:46]} 42. f3 {[%emt 0:08:08]} Ra3+ {[%emt 0:06:50]} 43. Kd2 {[%emt 0:00:05]} Ra2+ {[%emt 0:00:05]} 44. Ke1 {[%emt 0:00:26]} exf3 {[%emt 0:00:19]} 45. Rxf3 {[%emt 0:00:21]} Ke4 {[%emt 0:00:08]} 46. Rh3 {[%emt 0:00:12]} Kf5 {[%emt 0:00:07]} 47. Rf3+ {[%emt 0:02:07]} Ke4 {[%emt 0:00:34]} 48. Rf2 {[%emt 0:00:32]} Ra3 {[%emt 0:00:57]} 49. Kf1 {[%emt 0:07:04]} Kxe3 {[%emt 0:02:08]} 50. Kg2 {[%emt 0:00:10]} Ra4 {[%emt 0:00:20]} 51. Rf3+ {[%emt 0:00:06]} Ke2 {[%emt 0:00:05]} 52. Rh3 {[%emt 0:00:29]} Rg4+ {[%emt 0:00:08]} 53. Kh2 {[%emt 0:00:17]} Kf2 1/2-1/2

[Event "30th Cracovia Festival-B 2019"]
[Site "Krakow"]
[Date "2019.12.30"]
[Round "5.27"]
[White "Gorkiewicz, Mateusz"]
[Black "Lutsko, Artem"]
[Result "0-1"]
[WhiteElo "1964"]
[BlackElo "2005"]
[Annotator "NA"]
[PlyCount "86"]
[EventDate "2019.12.27"]
[EventCountry "POL"]
[SourceTitle "playchess.com"]
[Source "ChessBase"]
[SourceQuality "1"]
[TimeControl "40/5400+30:1800+30"]

1. e4 c5 2. Nf3 e6 3. d4 cxd4 4. Nxd4 a6 5. Bd3 Qb6 6. Nb3 Nf6 7. O-O d6 8. Nc3 Be7 9. Kh1 O-O 10. f4 Nc6 11. Qf3 Bd7 12. Bd2 Qc7 13. Rae1 Rfe8 14. g4 g6 15. g5 Nh5 16. Ne2 d5 17. e5 Ng7 18. Qh3 b5 19. Rg1 Nf5 20. Bxf5 exf5 21. Ned4 Nxd4 22. Nxd4 Qc4 23. Be3 Qxa2 24. b3 Qa5 25. e6 fxe6 26. Nf3 Qc7 27. Ne5 Bf8 28. Bd4 Bg7 29. Rg3 Bc8 30. Rc3 Qb7 31. b4 a5 32. bxa5 b4 33. Rb3 Rxa5 34. Qg2 Ra2 35. Reb1 Qc7 36. R3b2 Rxb2 37. Rxb2 Bxe5 38. Bxe5 Qc4 39. Qf2 d4 40. Bxd4 Rd8 41. c3 bxc3 42. Rb8 Rxd4 43. Qxd4 Qxd4 0-1

[Event "30th Cracovia Festival-B 2019"]
[Site "Krakow"]
[Date "2019.12.30"]
[Round "5.28"]
[White "Golenia, Wojciech"]
[Black "Palamarchuk, Andriy"]
[Result "0-1"]
[WhiteElo "2093"]
[BlackElo "1899"]
[Annotator "NA"]
[PlyCount "84"]
[EventDate "2019.12.27"]
[EventCountry "POL"]
[SourceTitle "playchess.com"]
[Source "ChessBase"]
[SourceQuality "1"]
[TimeControl "40/5400+30:1800+30"]

1. Nf3 {[%emt 0:00:07]} d5 {[%emt 0:00:00]} 2. g3 {[%emt 0:02:20]} Bg4 {[%emt 0:00:00]} 3. Bg2 {[%emt 0:00:54]} Nf6 {[%emt 0:00:00]} 4. c4 {[%emt 0:05:24]} e6 {[%emt 0:00:00]} 5. Qb3 {[%emt 0:02:54]} Nbd7 {[%emt 0:35:40]} 6. d4 {[%emt 0:08:28]} b6 {[%emt 0:04:47]} 7. Ne5 {[%emt 0:05:11]} c6 {[%emt 0:06:04]} 8. Bg5 {[%emt 0:12:36]} Nxe5 {[%emt 0:01:08]} 9. dxe5 {[%emt 0:01:02]} h6 {[%emt 0:00:04]} 10. Bxf6 {[%emt 0:17:54]} gxf6 {[%emt 0:00:08]} 11. Qa4 {[%emt 0:02:39]} Qd7 {[%emt 0:02:04]} 12. exf6 {[%emt 0:01:24]} Bd6 {[%emt 0:10:52]} 13. Nc3 {[%emt 0:08:36]} Be5 {[%emt 0:01:03]} 14. O-O {[%emt 0:02:10]} Bxc3 {[%emt 0:01:08]} 15. bxc3 {[%emt 0:03:42]} Bxe2 {[%emt 0:03:18]} 16. cxd5 {[%emt 0:00:08]} cxd5 {[%emt 0:03:39]} 17. Qxd7+ {[%emt 0:00:02]} Kxd7 {[%emt 0:00:07]} 18. Rfe1 {[%emt 0:00:32]} Bc4 {[%emt 0:00:56]} 19. a4 {[%emt 0:01:16]} Rhg8 {[%emt 0:03:32]} 20. Re3 {[%emt 0:05:35]} Rg6 21. Rf3 Rc8 {[%emt 0:04:38]} 22. Rf4 {[%emt 0:02:25]} Bd3 {[%emt 0:04:10]} 23. a5 {[%emt 0:04:20]} b5 {[%emt 0:06:02]} 24. Bf3 {[%emt 0:00:42]} e5 {[%emt 0:07:26]} 25. Bg4+ {[%emt 0:01:17]} Kd6 {[%emt 0:01:13]} 26. Bxc8 {[%emt 0:01:41]} exf4 {[%emt 0:00:05]} 27. f3 {[%emt 0:01:03]} fxg3 {[%emt 0:00:44]} 28. hxg3 {[%emt 0:00:14]} Rxg3+ {[%emt 0:00:25]} 29. Kf2 {[%emt 0:00:06]} Rg6 {[%emt 0:00:23]} 30. Rd1 {[%emt 0:03:09]} Bc2 {[%emt 0:01:47]} 31. Rc1 {[%emt 0:00:14]} Ba4 {[%emt 0:00:16]} 32. Re1 {[%emt 0:00:40]} Rxf6 {[%emt 0:00:06]} 33. Re8 {[%emt 0:00:38]} b4 34. Re3 {[%emt 0:01:54]} b3 {[%emt 0:01:40]} 35. Re1 {[%emt 0:00:00]} Kc7 {[%emt 0:02:13]} 36. Bh3 {[%emt 0:00:27]} Kd6 {[%emt 0:00:15]} 37. Rd1 {[%emt 0:02:20]} Bb5 {[%emt 0:00:15]} 38. Ke3 {[%emt 0:01:20]} Kc5 {[%emt 0:00:08]} 39. Rb1 {[%emt 0:00:51]} Bc4 {[%emt 0:00:06]} 40. Ra1 {[%emt 0:00:00]} Rg6 {[%emt 0:00:00]} 41. Bg4 {[%emt 0:02:05]} Rg5 {[%emt 0:02:07]} 42. Rh1 {[%emt 0:04:39]} Re5+ {[%emt 0:00:19]} 0-1

[Event "30th Cracovia Festival-B 2019"]
[Site "Krakow"]
[Date "2019.12.30"]
[Round "5.29"]
[White "Slezinski, Nikodem"]
[Black "Gondzik, Dawid"]
[Result "1-0"]
[WhiteElo "2005"]
[BlackElo "2045"]
[Annotator "NA"]
[PlyCount "89"]
[EventDate "2019.12.27"]
[EventCountry "POL"]
[SourceTitle "playchess.com"]
[Source "ChessBase"]
[SourceQuality "1"]
[TimeControl "40/5400+30:1800+30"]

1. e4 {[%emt 0:00:00]} c5 {[%emt 0:00:10]} 2. Nc3 {[%emt 0:00:00]} Nc6 {[%emt 0:00:54]} 3. Bb5 {[%emt 0:00:00]} e6 {[%emt 0:00:32]} 4. Bxc6 {[%emt 0:00:00]} bxc6 {[%emt 0:00:15]} 5. d3 {[%emt 0:00:58]} d6 {[%emt 0:05:49]} 6. f4 {[%emt 0:02:06]} g6 {[%emt 0:04:31]} 7. Nf3 {[%emt 0:00:24]} Bg7 {[%emt 0:02:14]} 8. O-O {[%emt 0:02:54]} Nh6 {[%emt 0:06:39]} 9. e5 {[%emt 0:03:32]} O-O {[%emt 0:03:31]} 10. Ne4 {[%emt 0:11:20]} dxe5 {[%emt 0:15:01]} 11. fxe5 {[%emt 0:00:58]} Ng4 {[%emt 0:04:42]} 12. Bf4 {[%emt 0:21:00]} f6 {[%emt 0:14:55]} 13. exf6 {[%emt 0:06:35]} Nxf6 {[%emt 0:00:09]} 14. Bg5 {[%emt 0:02:39]} Qb6 {[%emt 0:01:18]} 15. Nxf6+ {[%emt 0:00:11]} Bxf6 {[%emt 0:00:09]} 16. Bxf6 {[%emt 0:00:25]} Rxf6 {[%emt 0:00:11]} 17. Ne5 {[%emt 0:09:27]} Rf5 {[%emt 0:04:31]} 18. Ng4 {[%emt 0:07:18]} Kg7 {[%emt 0:00:47]} 19. Qd2 {[%emt 0:11:33]} Qd8 {[%emt 0:09:06]} 20. Qh6+ {[%emt 0:02:21]} Kg8 {[%emt 0:01:38]} 21. Qh3 {[%emt 0:03:14]} Kg7 {[%emt 0:00:24]} 22. Qh6+ {[%emt 0:04:25]} Kg8 {[%emt 0:00:02]} 23. Ne3 {[%emt 0:01:21]} Rf8 {[%emt 0:03:28]} 24. Rxf8+ {[%emt 0:00:25]} Qxf8 {[%emt 0:00:07]} 25. Qg5 {[%emt 0:00:09]} Ba6 {[%emt 0:05:29]} 26. Rf1 {[%emt 0:00:48]} Qd6 {[%emt 0:00:36]} 27. Ng4 {[%emt 0:01:33]} Rf8 {[%emt 0:02:49]} 28. Rxf8+ {[%emt 0:00:54]} Qxf8 {[%emt 0:00:12]} 29. Nf6+ {[%emt 0:00:18]} Kg7 {[%emt 0:04:22]} 30. Nh5+ {[%emt 0:00:11]} Kg8 {[%emt 0:00:24]} 31. Nf6+ {[%emt 0:00:01]} Kg7 {[%emt 0:00:13]} 32. Nd7 {[%emt 0:00:25]} Qd6 {[%emt 0:03:43]} 33. Nxc5 {[%emt 0:02:59]} Bc8 {[%emt 0:01:48]} 34. h4 {[%emt 0:03:34]} Qd4+ {[%emt 0:01:52]} 35. Kh2 {[%emt 0:01:02]} Qxb2 {[%emt 0:02:06]} 36. Qe7+ {[%emt 0:01:12]} Kg8 {[%emt 0:02:40]} 37. Qd8+ {[%emt 0:01:19]} Kg7 {[%emt 0:00:32]} 38. Qc7+ {[%emt 0:00:36]} Kh6 {[%emt 0:00:13]} 39. Qf4+ {[%emt 0:00:15]} Kg7 {[%emt 0:00:07]} 40. d4 {[%emt 0:00:00]} Qc3 {[%emt 0:00:00]} 41. Qc7+ {[%emt 0:01:15]} Kh6 {[%emt 0:01:05]} 42. Qxc8 {[%emt 0:00:36]} Qxd4 {[%emt 0:00:17]} 43. Qf8+ {[%emt 0:00:06]} Kh5 {[%emt 0:00:19]} 44. Qf3+ {[%emt 0:00:12]} Kh6 {[%emt 0:01:26]} 45. Nxe6 {[%emt 0:00:30]} 1-0